[Event "Le Touquet op"]
[Site "Le Touquet"]
[Date "2006.10.30"]
[Round "3"]
[White "Riquier, Laurent"]
[Black "Moga, Christoph"]
[Result "1-0"]
[WhiteElo "2063"]
[BlackElo "1959"]
[PlyCount "41"]
[EventDate "2006.10.28"]
[EventType "swiss"]
[EventRounds "9"]
[EventCountry "FRA"]
[SourceTitle "EXT 2007"]
[Source "ChessBase"]
[SourceDate "2006.11.23"]
[SourceVersion "1"]
[SourceVersionDate "2006.11.23"]
[SourceQuality "1"]

1. d4 f5 2. Nf3 Nf6 3. Bg5 e6 4. Nc3 Be7 5. Bxf6 Bxf6 6. e4 fxe4 7. Nxe4 0-0 8. Bd3 b6 9. Qe2 Bb7 10. 0-0-0 a5 11. h4 c5 12. Nfg5 Bxe4 13. Qxe4 Bxg5+ 14. hxg5 Qxg5+ 15. Kb1 Nc6 16. Qxh7+ Kf7 17. f4 Qf6 18. Qh5+ Ke7 19. d5 exd5 20. Qxd5 Kd8 21. Bb5 1-0

[Event "Le Touquet op 20th"]
[Site "Le Touquet"]
[Date "2005.10.27"]
[Round "7"]
[White "Baude, Christian"]
[Black "Riquier, Laurent"]
[Result "0-1"]
[WhiteElo "1811"]
[BlackElo "2045"]
[PlyCount "78"]
[EventDate "2005.10.23"]
[EventType "swiss"]
[EventRounds "9"]
[EventCountry "FRA"]
[SourceTitle "EXT 2006"]
[Source "ChessBase"]
[SourceDate "2005.11.24"]
[SourceVersion "1"]
[SourceVersionDate "2005.11.24"]
[SourceQuality "1"]

1. d4 d5 2. g3 Nf6 3. Bg2 c6 4. Nf3 Bf5 5. 0-0 Nbd7 6. b3 e6 7. Nbd2 Bd6 8. c4 Qe7 9. c5 Bc7 10. b4 e5 11. Nh4 Bg4 12. h3 Bh5 13. Nf5 Qf8 14. Qb3 Bg6 15. Nh4 Qe7 16. dxe5 Bxe5 17. Nxg6 hxg6 18. Rb1 0-0 19. Nf3 Rfe8 20. Be3 Bxg3 21. Bd4 Bc7 22. e3 Ne4 23. a4 a5 24. Qc2 axb4 25. Rxb4 Ndxc5 26. Rfb1 Bd6 27. Ne1 Reb8 28. Qb2 Rxa4 29. Bxg7 f6 30. Bxe4 Rxb4 31. Qxf6 Qxf6 32. Bxf6 Nxe4 33. Rxb4 Bxb4 34. Be5 Bd6 35. Bb2 Ra8 36. Kg2 Ra2 37. Nd3 c5 38. Bc1 c4 39. Nb2 Nxf2 0-1

[Event "Le Touquet op 20th"]
[Site "Le Touquet"]
[Date "2005.10.25"]
[Round "3"]
[White "Martin, Jean Luc"]
[Black "Riquier, Laurent"]
[Result "1-0"]
[WhiteElo "1970"]
[BlackElo "2045"]
[PlyCount "51"]
[EventDate "2005.10.23"]
[EventType "swiss"]
[EventRounds "9"]
[EventCountry "FRA"]
[SourceTitle "EXT 2006"]
[Source "ChessBase"]
[SourceDate "2005.11.24"]
[SourceVersion "1"]
[SourceVersionDate "2005.11.24"]
[SourceQuality "1"]

1. e4 d5 2. exd5 Nf6 3. Nf3 Bf5 4. Bb5+ Nbd7 5. Nc3 a6 6. Ba4 b5 7. Bb3 Nc5 8. 0-0 b4 9. Ne2 Nxb3 10. axb3 Nxd5 11. Ng3 Bg6 12. Qe2 Qd6 13. d4 e6 14. Ne5 Be7 15. Nc4 Qd7 16. Ne5 Qd6 17. c4 bxc3 18. bxc3 Nxc3 19. Qf3 Nd5 20. Ba3 Qb6 21. Bxe7 Kxe7 22. h4 f6 23. Nc4 Qxd4 24. Rfe1 Rhd8 25. h5 Bf7 26. Nf5+ 1-0

[Event "FRA-chT3 Gr8 0203"]
[Site "France"]
[Date "2003.04.06"]
[Round "9"]
[White "Riquier, Laurent"]
[Black "Gonzalez, Arnaud"]
[Result "1-0"]
[WhiteElo "1940"]
[BlackElo "1499"]
[PlyCount "59"]
[EventDate "2002.10.??"]
[EventType "team"]
[EventRounds "9"]
[EventCountry "FRA"]
[SourceTitle "EXT 2005"]
[Source "ChessBase"]
[SourceDate "2004.11.15"]
[SourceVersion "1"]
[SourceVersionDate "2004.11.15"]
[SourceQuality "1"]

1. d4 d5 2. e4 dxe4 3. Nc3 Nf6 4. f3 Bf5 5. fxe4 Nxe4 6. Nxe4 Bxe4 7. Nf3 Nc6 8. Ng5 Qd5 9. b3 Nxd4 10. Bc4 Qe5 11. Bxf7+ Kd8 12. Qxd4+ Qxd4 13. Ne6+ Kc8 14. Nxd4 e5 15. Ne6 Kd7 16. Bg5 h6 17. 0-0-0+ Kc6 18. Rhe1 Ba3+ 19. Kb1 Bxg2 20. Nd8+ Kb6 21. Be3+ Ka6 22. Ne6 Rac8 23. Bc5 Bf3 24. Bxa3 Bxd1 25. Rxd1 Kb6 26. Be7 g5 27. a4 Kc6 28. Nd8+ Kb6 29. b4 a6 30. Bc5# 1-0

[Event "FRA-chT3 Gr8 0102"]
[Site "France"]
[Date "2002.03.10"]
[Round "7"]
[White "Liagre, Nicolas"]
[Black "Riquier, Laurent"]
[Result "1-0"]
[WhiteElo "1920"]
[BlackElo "1910"]
[PlyCount "33"]
[EventDate "2001.10.??"]
[EventType "team"]
[EventRounds "9"]
[EventCountry "FRA"]
[SourceTitle "EXT 2005"]
[Source "ChessBase"]
[SourceDate "2004.11.15"]
[SourceVersion "1"]
[SourceVersionDate "2004.11.15"]
[SourceQuality "1"]

1. e4 c5 2. Nf3 Nc6 3. d4 cxd4 4. Nxd4 e5 5. Nf5 a6 6. Bc4 g6 7. Qd5 Qa5+ 8. Nc3 Qxd5 9. Nxd5 Nb4 10. Nfe3 Nxd5 11. Nxd5 Bd6 12. Bg5 b5 13. Bb3 Bb7 14. 0-0-0 Bb8 15. Nb6 h6 16. Rxd7 Bxe4 17. Rd8# 1-0